00873nam a2200265Ia 450000100060000000300090000600800410001504000130005604000130006904100130008210000250009510000290012024500290014924500370017825000110021526000090022626000140023526000490024930000410029850001570033965000320049665000310052870000200055970000280057911098IT-RoPAU130308s9999 xx 000 0 und d aIT-RoPAU cIT-RoPAU aITALIANO aGuidotti Pier Latino gCodice Aut. SPICS: 5692 aDiario di un giornalista bCorso superiore di Giornalismo-3 a1a ed. aROMA bAccademia c1977 [1° Ed.:1977 - Ed.Ling.Originale:1977] a"38 p. (prefazione: no ; testo: 38)" aGiornali e giornalisti giornalista Come e Perche' Giornali fantasma Licenziamento fantasma Giornalismo militante Scavare nella notizia Lavoro Collettivo aREGIA DELLA STAMPA DI MASSA eCodice materia Spics: 6653 aRoscani Roberto gCodice Aut. SPICS: 1901